Los asesinatos de Hitchcock /

Con una minuciosidad ágil y divertida, Peter Conrad nos pasea por la filmografía del "mago del suspense"; combina la apreciación analítica del erudito con la exaltación del fascinado para preguntarse por las grandes cuestiones que plantea el cine de ese estrafalario director de cine británico que aú...

Full description

Bibliographic Details
Main Author: Conrad, Peter 1948-
Format: Libro
Language:Spanish
Published: Madrid Turner 2003
Edition:1a. ed.
Series:Noema 24
Subjects:
Online Access:

MARC

LEADER 00000cam a2200000 a 4500
001 020017
003 UAHC_CL
005 20170803121827.0
008 090714s2003 sp 000 spa
020 |a 8475065945 
040 |a UAHC_CL  |c UAHC_CL  |d UAHC_CL 
082 0 4 |a 791.43  |b C754  |2 20 
100 1 |a Conrad, Peter  |d 1948- 
245 1 4 |a Los asesinatos de Hitchcock /  |c Peter Conrad ; traducción de Juan Sebastián Cárdenas. 
250 |a 1a. ed. 
260 |b Turner  |a Madrid  |c 2003 
300 |a 363 p. 
490 0 |a Noema  |v 24 
520 |a Con una minuciosidad ágil y divertida, Peter Conrad nos pasea por la filmografía del "mago del suspense"; combina la apreciación analítica del erudito con la exaltación del fascinado para preguntarse por las grandes cuestiones que plantea el cine de ese estrafalario director de cine británico que aún hoy en día nos reserva sorpresas. Un libro que intenta demostrar que la grandeza de Hitchcock reside en haber visto los extraños monstruos que anidan bajo la delgada capa de nuestra civilización. 
600 1 4 |a HITCHCOCK, ALFRED  |d 1899-1980  |x CRITICA E INTERPRETACION 
653 |a LICENCIATURA EN CINE 
900 |a 791.43 CONR 
942 |c BK 
952 |0 0  |1 0  |4 0  |6 791_430000000000000_CONR  |7 0  |8 General  |9 40191  |a BS  |b BS  |c General  |d 2017-08-03  |l 1  |m 1  |o 791.43 CONR  |p 1371808  |r 2025-11-26 00:00:00  |s 2018-05-10  |t 1  |w 2017-08-03  |y BK 
999 |c 20017  |d 20017